| 000 | 02537cam a2200373 i 4500 | ||
|---|---|---|---|
| 001 | 991107405145306196 | ||
| 005 | 20250703144746.0 | ||
| 008 | 240422t20242024enka g b 001 0 eng d | ||
| 010 | _a2024016823 | ||
| 020 | _a9781804294383 | ||
| 035 | _a(OCoLC)1433994333 | ||
| 035 | _a(OCoLC)on1433994333 | ||
| 040 |
_aDLC _beng _erda _cDLC _dBDX _dOCLCO _dGO6 _dOCLCO _dYDX _dCLE _dOCLCO _dCaOTSTM |
||
| 041 | 1 | _aeng | |
| 041 | 1 | _hfre | |
| 042 | _apcc | ||
| 050 | 4 |
_aHC79.I55 _bD87413 2024 |
|
| 100 |
_aDurand, Cédric _eauthor _925671 |
||
| 240 | 1 | 0 |
_aTechnoféodalisme. _lEnglish |
| 245 | 1 | 0 |
_aHow silicon valley unleashed techno-feudalism : _bthe making of the digital economy / _cCédric Durand ; translated by David Broder. |
| 250 | _aEnglish-language edition. | ||
| 260 |
_aLondon ; _aBrooklyn, NY : _bVerso, _c2024. |
||
| 300 |
_aix, 230 pages : _billustrations ; _c22 cm |
||
| 504 | _aIncludes bibliographical references and index. | ||
| 505 | 0 | _a1. The Poverty of the Californian Ideology — 2. On Digital Domination — 3. The Rentier Class of the Intangible World — 4. The ‘Techno-Feudal’ Hypothesis — Conclusion : Fortunes and Misfortunes of Socialisation. | |
| 520 | _aThe rise of the IT industry in the nineties promised a new era of freedom and prosperity. It didn’t deliver. Certainly, algorithms are everywhere, but capitalism is no more civilised than ever. In fact, in the hands of private corporations, the digitalisation of the world drives us towards a darker future. The return of monopolies, the dominance of a few platforms, the blurred distinction between the economic and the political all epitomise a systemic mutation. Information and data networks push the digital economy in the direction of the feudal logic of rent, dispossession, and personal domination. How Silicon Valley Unleashed Techno-feudalism offers a fresh genealogy of the Silicon Valley consensus and its contradictions. It disentangles the principles of an emerging systemwide rationale. Large firms compete in cyberspace to gain control over data, and ordinary people are increasingly at the mercy of tech giants. In this new economic order, capital is moving away from production to focus on predation. | ||
| 546 | _aIn English, translated from the French. | ||
| 650 | 0 |
_aInformation technology _xEconomic aspects _912278 |
|
| 650 | 0 |
_aKnowledge economy _925672 |
|
| 650 | 0 |
_aElectronic commerce _91263 |
|
| 650 | 0 |
_aCapitalism _xHistory _y21st century _925673 |
|
| 700 |
_aBroder, David _etranslator _925674 |
||
| 942 | _2lcc | ||
| 999 |
_c4825 _d4825 |
||